1536 1789 1681 1288 1916 1809 1749 1844 1596 1666 1185 1272 1179 1635 1934 1551 1429 1407 1393 1975 1901 1078 1354 1677 1919 1660 1034 1565 1335 1363 1908 1738 1253 1446 1841 1956 1205 1390 1957 1509 1410 1979 1101 1658 1743 1706 1935 1987 1590 1836 1854 1171 1826 1618 1629 1657 1295 1483 1179 1833 1161 1573 1983 1284 1993 1002 1911 1905 1736 1518 1649 1403 1811 1340 1025 1912 1712 1282 1043 1267 1687 1882 1444 1333 1308 1543 1026 1902 1832 1827 1415 1043 1221 1823 1893 1300 1360 1176 1968 BCNSPRNW ULIB Ver.6.0+V

เปลี่ยนเป็นภาษาไทย

Change to English
 แสดงรายละเอียดบรรณานุกรม
  กลับหน้าหลัก

Brief Record : Get Marc (ISO 2709) : E-mail record : QR code < ปิดหน้าต่าง
LEADER : 00000nam 2200000uu 4500
001    13399113145
003     ULIB
008    110928s2551||||th 000 0 tha d
020    9789749749418
050 04 QA76.75^bณ342U 2551
100 0  ณัฐภูมิ โอภาภิบาล
245 10 Ubuntu ระบบปฏิบัติการฟรีเพื่อมวลมนุษยชาติ /^cณัฐภูมิ โอภาภิบาล
250    พิมพ์ครั้งที่ 1
260    นนทบุรี :^bไอดีซีฯ,^c2551
300    X, 249 หน้า :^bภาพประกอบ ;^c23 ซม.+^eซีดี-รอม 1 แผ่น (4 3/4 นิ้ว)
650  7 ลีนุกซ์ (ระบบปฏิบัติการคอมพิวเตอร์)
650  7 ระบบปฏิบัติการ (คอมพิวเตอร์)
945    ^p219^l0^i024992
945    ^p219^l0^i024993
995    ทศพร
999 ^a ทศพร
รายการนี้ยังไม่มีแท็ก
คุณยังไม่ได้ล็อกอิน คุณสามารถมีกิจกรรมร่วมกับเว็บไซต์ได้ แต่ต้องล็อกอินก่อน ::
  ล็อกอิน

รายการสื่อสารสนเทศ

ลำดับที่ ประเภท เลขเรียก/บาร์โค้ด สถานที่ สถานะ
- ไม่พบข้อมูล -

รายการใกล้เคียง
    ผู้แต่ง [ณัฐภูมิ โอภาภิบาล]

    หัวเรื่อง [ลีนุกซ์ (ระบบปฏิบัติการคอมพิวเตอร์)]
    หัวเรื่อง [ระบบปฏิบัติการ (คอมพิวเตอร์)]

BibComment


ยังไม่เคยถูกคอมเมนท์

คอมเมนท์ทรัพยากรรายการนี้
  คอมเมนท์: Ubuntu ระบบปฏิบัต..


 Copyright 2026. Bcnsprnw @Library